[Event "2006 U.S. Masters Championship"]
[Site "Hendersonville, NC"]
[Date "2006.03.18"]
[Round "7"]
[White "Margvelashvili, Giorgi"]
[Black "Haessel, Dale R"]
[Result "1/2-1/2"]
[WhiteElo "2463"]
[BlackElo "2158"]
[PlyCount "70"]
[EventDate "2006.03.11"]
[EventCountry "USA"]

 1. d4 Nf6 2. c4 g6 3. Nc3 d5 4. Bg5 Ne4 5. Bh4 Nxc3 6. bxc3 Bg7 7. e3 c5 8. cxd5 cxd4 9. cxd4 Qxd5 10. Nf3 Nc6 11. Be2 O-O 12. O-O e5 13. dxe5 Qxd1 14. Rfxd1 Nxe5 15. Nd4 Bd7 16. Rab1 b6 17. Ba6 Bc8 18. Be2 Bd7 19. a4 Rac8 20. Nb5 Bf5 21. Nxa7 Rc2 22. Bf1 Ra8 23. Nb5 Rc5 24. Rbc1 Bc2 25. Rd4 Bxa4 26. Ra1 Nc4 27. Rxa4 Rxa4 28. Rd8+ Bf8 29. Nc3 Ra7 30. Nd5 Ne5 31. Nf6+ Kg7 32. Ne8+ Kh6 33. Nf6 Kg7 34. Ne8+ Kh6 35. Nf6 Kg7 1/2-1/2

[Event "2006 U.S. Masters Championship"]
[Site "Hendersonville, NC"]
[Date "2006.03.18"]
[Round "7"]
[White "Shaw, Tenzing W"]
[Black "Simpson, Ronald"]
[Result "0-1"]
[WhiteElo "2112"]
[BlackElo "2265"]
[PlyCount "74"]
[EventDate "2006.03.11"]
[EventCountry "USA"]

 1. e4 e5 2. Nf3 Nc6 3. d4 exd4 4. Bc4 Nf6 5. e5 d5 6. Bb5 Ne4 7. Nxd4 Bd7 8. Bxc6 bxc6 9. O-O Qh4 10. f3 Nc5 11. Be3 Be7 12. Nc3 Qh5 13. f4 Qxd1 14. Raxd1 Ne6 15. Nxe6 fxe6 16. Na4 Rb8 17. b3 Rb5 18. c4 dxc4 19. bxc4 Ra5 20. Nc3 Bb4 21. Rb1 c5 22. Ne4 Bc6 23. Nxc5 Bxc5 24. Bxc5 Kf7 25. Bf2 Rd8 26. Rb2 Rd3 27. Be1 Ra4 28. c5 Bd5 29. Rff2 Rd1 30. Rfe2 Rxf4 31. Rbc2 Bc4 32. g3 Bxe2 33. gxf4 Rxe1+ 34. Kf2 Bd3 35. Rd2 Rf1+ 36. Kg2 Bc4 37. Rd7+ Kg6 0-1

[Event "2006 U.S. Masters Championship"]
[Site "Hendersonville, NC"]
[Date "2006.03.18"]
[Round "7"]
[White "Chumachenko, Andrey"]
[Black "Potter, J Russell"]
[Result "1-0"]
[WhiteElo "2452"]
[BlackElo "2215"]
[PlyCount "119"]
[EventDate "2006.03.11"]
[EventCountry "USA"]

 1. d4 Nf6 2. c4 c5 3. d5 g6 4. Nc3 Bg7 5. e4 d6 6. Be2 O-O 7. Bg5 a6 8. a4 Qa5 9. Bd2 e6 10. Nf3 exd5 11. exd5 Bg4 12. O-O Nbd7 13. h3 Bxf3 14. Bxf3 Qc7 15. Qc2 Ne8 16. Be2 f5 17. f4 Bd4+ 18. Kh2 Ng7 19. Bf3 Rae8 20. Rae1 Qd8 21. Re2 Nf6 22. g3 Rf7 23. Rfe1 Rfe7 24. Kg2 h5 25. Qd3 Kf7 26. b3 Bxc3 27. Bxc3 Rxe2+ 28. Rxe2 Rxe2+ 29. Qxe2 a5 30. g4 hxg4 31. hxg4 fxg4 32. Bxg4 Nxg4 33. Qxg4 Nf5 34. Qh3 Nh4+ 35. Kg3 Nf5+ 36. Kf2 Qh4+ 37. Qxh4 Nxh4 38. Bxa5 Nf5 39. b4 cxb4 40. Bxb4 Ke7 41. Ba5 Kd7 42. Bb6 Ke7 43. Kf3 Nh6 44. Bd4 Nf7 45. Kg4 Kd7 46. a5 Ke7 47. Bg7 Kd7 48. Bd4 Kc8 49. Bg7 Kd7 50. f5 gxf5+ 51. Kxf5 Ke7 52. Bd4 Nh6+ 53. Kg5 Nf7+ 54. Kg6 Ke8 55. Kf6 Nd8 56. Bb6 Nf7 57. Ke6 Ne5 58. c5 Nc4 59. c6 bxc6 60. dxc6 1-0

[Event "2006 U.S. Masters Championship"]
[Site "Hendersonville, NC"]
[Date "2006.03.18"]
[Round "7"]
[White "Cheng, Xiao"]
[Black "Privman, Boris"]
[Result "1-0"]
[WhiteElo "2292"]
[BlackElo "2338"]
[PlyCount "88"]
[EventDate "2006.03.11"]
[EventCountry "USA"]

 1. e4 e6 2. d4 d5 3. Nc3 Nf6 4. e5 Nfd7 5. Nce2 c5 6. c3 Nc6 7. f4 b5 8. a3 cxd4 9. cxd4 b4 10. Nf3 bxa3 11. bxa3 Ba6 12. h4 h5 13. Kf2 Rb8 14. f5 exf5 15. Nf4 Bxf1 16. Rxf1 Be7 17. e6 Nf6 18. Kg1 Ne4 19. Qa4 Rb6 20. Ne5 fxe6 21. Nxe6 Qc8 22. Nxg7+ Kd8 23. Nf7+ Kc7 24. Nxh8 Nxd4 25. Bf4+ Kb7 26. Qe8 Ne2+ 27. Kh2 Bf6 28. Rae1 Nxf4 29. Qxc8+ Kxc8 30. Rxf4 Be5 31. Nxh5 Rh6 32. Nf7 Bxf4+ 33. Nxf4 Rxh4+ 34. Nh3 Kd7 35. Ne5+ Kd6 36. Nf3 Rh7 37. Kg1 Rb7 38. Rd1 Rb3 39. Nf4 Nc3 40. Rd3 Rxa3 41. Kh2 a5 42. Nxd5 Nxd5 43. Rxa3 Nb6 44. Nd2 f4 1-0

[Event "2006 U.S. Masters Championship"]
[Site "Hendersonville, NC"]
[Date "2006.03.18"]
[Round "7"]
[White "Aliev, Timur"]
[Black "Pohl, Klaus A"]
[Result "1/2-1/2"]
[WhiteElo "2327"]
[BlackElo "2214"]
[PlyCount "79"]
[EventDate "2006.03.11"]
[EventCountry "USA"]

 1. e4 Nc6 2. Nc3 Nf6 3. Nf3 e5 4. Bb5 Nd4 5. O-O Nxb5 6. Nxb5 c6 7. Nc3 d6 8. d4 Qc7 9. Bg5 Be7 10. h3 O-O 11. Qd3 b5 12. Rfe1 a6 13. Rad1 Re8 14. Bh4 a5 15. Bg3 Bf8 16. Bh2 b4 17. Na4 exd4 18. Qxd4 c5 19. Bxd6 cxd4 20. Bxc7 Bb7 21. Nxd4 Bxe4 22. c4 Rac8 23. Nb5 Bc2 24. Nb6 Bxd1 25. Rxd1 Rxc7 26. Nxc7 Re2 27. Na4 g6 28. Nd5 Ne4 29. f3 Bc5+ 30. Nxc5 Nxc5 31. Nb6 Rxb2 32. Rd5 Ne6 33. Rxa5 Nf4 34. Nd5 Nxg2 35. Ra8+ Kg7 36. Nxb4 Nf4 37. Nd5 Nxh3+ 38. Kf1 Ng5 39. c5 Rc2 40. Rc8 1/2-1/2

[Event "2006 U.S. Masters Championship"]
[Site "Hendersonville, NC"]
[Date "2006.03.18"]
[Round "7"]
[White "Fouts, Matthew A"]
[Black "Jones, Craig W"]
[Result "1-0"]
[WhiteElo "2007"]
[BlackElo "2280"]
[PlyCount "105"]
[EventDate "2006.03.11"]
[EventCountry "USA"]

 1. e4 d5 2. exd5 Qxd5 3. Nc3 Qa5 4. Bc4 Nf6 5. Nf3 Bg4 6. h3 Bh5 7. g4 Bg6 8. d3 c6 9. Bf4 Nbd7 10. Qe2 O-O-O 11. O-O-O e6 12. Kb1 Bb4 13. Bd2 Nb6 14. Bb3 Nbd5 15. Nxd5 Nxd5 16. Bxd5 Rxd5 17. a3 Bxd2 18. Nxd2 Rhd8 19. Nc4 Qc7 20. Rhe1 Qh2 21. Qe3 Rd4 22. Ne5 Qf4 23. Re2 Kb8 24. b3 Qf6 25. Rde1 R8d5 26. Qg3 Ka8 27. h4 Qe7 28. Kb2 Ra5 29. Nc4 Rxc4 30. dxc4 Qxa3+ 31. Kc3 c5 32. Kd2 Ra6 33. Qc3 Rd6+ 34. Ke3 f6 35. Ra1 Qb4 36. Qxb4 cxb4 37. Rd2 Rxd2 38. Kxd2 h5 39. f3 e5 40. Ra4 Kb8 41. Rxb4 Kc7 42. Ra4 a6 43. c3 Kc6 44. Ra1 f5 45. Rg1 hxg4 46. fxg4 f4 47. h5 Bh7 48. g5 Kd6 49. h6 g6 50. Kd3 Bg8 51. Rh1 Bh7 52. Ke4 Ke6 53. Rd1 1-0

[Event "2006 U.S. Masters Championship"]
[Site "Hendersonville, NC"]
[Date "2006.03.18"]
[Round "7"]
[White "Magar, Thomas P"]
[Black "Cao, Tony"]
[Result "1/2-1/2"]
[WhiteElo "2200"]
[BlackElo "2099"]
[PlyCount "74"]
[EventDate "2006.03.11"]
[EventCountry "USA"]

 1. d4 d5 2. c4 c6 3. Nf3 Nf6 4. Nc3 e6 5. g3 Nbd7 6. Bg2 Bd6 7. O-O O-O 8. Qc2 dxc4 9. Rd1 Qc7 10. Nd2 Nb6 11. Nce4 Nxe4 12. Nxe4 e5 13. dxe5 Bxe5 14. Ng5 f5 15. f4 Bf6 16. e4 Bxg5 17. fxg5 Be6 18. Bf4 Qf7 19. Rd6 Rae8 20. a4 fxe4 21. Bxe4 Bf5 22. Bxf5 Qxf5 23. Qc3 Qc5+ 24. Rd4 Rd8 25. Rad1 Nd5 26. Qd2 Nxf4 27. gxf4 Rd5 28. Qf2 Rfd8 29. Rxd5 Qxf2+ 30. Kxf2 cxd5 31. Ke3 Kf7 32. Kd4 Re8 33. Rd2 Kg6 34. Rf2 Kf5 35. Kxd5 Re4 36. Rc2 Rxf4 37. Re2 Kg6 1/2-1/2

[Event "2006 U.S. Masters Championship"]
[Site "Hendersonville, NC"]
[Date "2006.03.18"]
[Round "7"]
[White "Kidd, Jeffrey A"]
[Black "Lopez II, Nelson M"]
[Result "0-1"]
[WhiteElo "2157"]
[BlackElo "2087"]
[PlyCount "136"]
[EventDate "2006.03.11"]
[EventCountry "USA"]

 1. e4 e5 2. Nf3 Nc6 3. Bb5 Nf6 4. O-O Nxe4 5. d4 Nd6 6. Bxc6 dxc6 7. dxe5 Nf5 8. Qxd8+ Kxd8 9. Nc3 Be6 10. b3 c5 11. Rd1+ Kc8 12. Bb2 h6 13. h3 b6 14. Rd2 Ne7 15. Rad1 Nc6 16. Nd5 c4 17. Nf4 Kb7 18. Nxe6 fxe6 19. Rd7 cxb3 20. cxb3 g5 21. Kf1 Bc5 22. Ke2 a5 23. Rg7 a4 24. Bc3 axb3 25. axb3 Ra3 26. Rdd7 Rc8 27. Nd2 Bf8 28. Rgf7 b5 29. Kd1 b4 30. Bb2 Ra2 31. Kc1 Rxb2 32. Kxb2 Nxe5 33. Nc4 Nxf7 34. Rxf7 Kc6 35. Kc2 Ra8 36. Kd3 h5 37. g4 h4 38. Ke4 Bd6 39. Rf6 Kd7 40. Nxd6 Kxd6 41. Kd4 c5+ 42. Kc4 Ra1 43. Rg6 Rc1+ 44. Kb5 Rc3 45. Rxg5 Rxb3 46. Rxc5 Rxh3 47. Rh5 Rf3 48. Kxb4 Rf4+ 49. Kc3 Rxg4 50. Kd3 e5 51. Rh8 Ra4 52. Ke2 Ke6 53. Kf3 Rf4+ 54. Kg2 Kd5 55. Rd8+ Ke4 56. Rh8 Rg4+ 57. Kf1 Kf3 58. Rf8+ Rf4 59. Rh8 Ra4 60. Rf8+ Kg4 61. Rg8+ Kh3 62. f3 Ra1+ 63. Kf2 Ra2+ 64. Kf1 Kh2 65. Rg5 h3 66. Rxe5 Kg3 67. Re8 Ra1+ 68. Ke2 h2 0-1

[Event "2006 U.S. Masters Championship"]
[Site "Hendersonville, NC"]
[Date "2006.03.18"]
[Round "7"]
[White "Harris, David"]
[Black "Bereolos, Peter J"]
[Result "0-1"]
[WhiteElo "2130"]
[BlackElo "2316"]
[PlyCount "82"]
[EventDate "2006.03.11"]
[EventCountry "USA"]

 1. e4 e5 2. Bc4 Nc6 3. f4 Bc5 4. Nf3 d6 5. Nc3 Nf6 6. d3 a6 7. f5 h6 8. Nd5 Nxd5 9. Bxd5 Nd4 10. Nxd4 Bxd4 11. Qh5 Qe7 12. c3 Bb6 13. Bd2 c6 14. Bb3 Bd7 15. O-O-O Rf8 16. Rdf1 O-O-O 17. f6 gxf6 18. Qxh6 f5 19. exf5 f6 20. Qh3 Rh8 21. Qf3 d5 22. Re1 Qh7 23. g4 Qh3 24. Qxh3 Rxh3 25. g5 fxg5 26. f6 g4 27. Rxe5 g3 28. d4 gxh2 29. Rg5 Bc7 30. Bd1 Rf8 31. Rg7 Bf5 32. f7 Rh7 33. Re1 Rxf7 34. Rxf7 Rxf7 35. Bf3 Be4 36. Bxe4 dxe4 37. Be3 Rh7 38. Rh1 Rg7 39. Rf1 Bf4 40. Bxf4 Rg1 41. Bxh2 Rxf1+ 0-1

[Event "2006 U.S. Masters Championship"]
[Site "Hendersonville, NC"]
[Date "2006.03.18"]
[Round "7"]
[White "Harris, Neal D"]
[Black "Brookshear, Timothy"]
[Result "1/2-1/2"]
[WhiteElo "2204"]
[BlackElo "2000"]
[PlyCount "81"]
[EventDate "2006.03.11"]
[EventCountry "USA"]

 1. e4 e5 2. Nf3 Nf6 3. d4 exd4 4. e5 Ne4 5. Bd3 d5 6. O-O Bg4 7. h3 Bh5 8. Nbd2 Nc5 9. b4 Nxd3 10. cxd3 Be7 11. Qb3 O-O 12. Nxd4 Na6 13. a3 c5 14. Nf5 Bg6 15. Nxe7+ Qxe7 16. f4 Bf5 17. Nf3 Rfd8 18. b5 c4 19. dxc4 dxc4 20. Qe3 Nc5 21. Nd4 Bd3 22. Rd1 Rac8 23. Bb2 Na4 24. Bc1 Nc3 25. Nf5 Bxf5 26. Rxd8+ Qxd8 27. Qxc3 Qd3 28. Bb2 Rd8 29. Rc1 Qxc3 30. Bxc3 Bd3 31. Kf2 Kf8 32. g4 g6 33. Bb4+ Ke8 34. Ke3 Kd7 35. Bd6 f6 36. Kd4 fxe5+ 37. fxe5 Ke6 38. Re1 Rd7 39. Ke3 Rf7 40. h4 Rf1 41. Rxf1 1/2-1/2

[Event "2006 U.S. Masters Championship"]
[Site "Hendersonville, NC"]
[Date "2006.03.18"]
[Round "7"]
[White "Francis, Benjamin"]
[Black "Pupols, Viktors"]
[Result "0-1"]
[WhiteElo "2048"]
[BlackElo "2200"]
[PlyCount "120"]
[EventDate "2006.03.11"]
[EventCountry "USA"]

 1. e4 e6 2. d4 d5 3. Nc3 Nf6 4. e5 Nfd7 5. Nce2 c5 6. f4 Nc6 7. c3 b5 8. Nf3 b4 9. h4 h5 10. Kf2 Ba6 11. f5 exf5 12. Nf4 Bxf1 13. Rxf1 Nb6 14. e6 Be7 15. exf7+ Kxf7 16. Re1 cxd4 17. cxd4 Bxh4+ 18. g3 Bf6 19. Ne6 Qd7 20. Nfg5+ Kg8 21. Bf4 Nc4 22. Rc1 Re8 23. Rxc4 dxc4 24. d5 Nd8 25. Nc5 Qb5 26. Rxe8+ Qxe8 27. d6 Bxg5 28. Bxg5 Qe5 29. Bxd8 Qxc5+ 30. Kf1 c3 31. bxc3 bxc3 32. Bg5 c2 33. Qc1 Kf7 34. d7 Qb5+ 35. Kg2 Qe2+ 36. Kh3 Qd1 37. Kg2 Qxc1 38. Bxc1 Ke6 39. Kf2 Kxd7 40. Ke2 Rb8 41. Kd3 Rb1 42. Kxc2 Rxc1+ 43. Kxc1 Kc6 44. Kd2 Kd5 45. Ke3 g5 46. Kf3 Kd4 47. Kg2 Ke3 48. a4 a5 49. Kh3 Kf2 50. Kh2 g4 51. Kh1 Kxg3 52. Kg1 Kf3 53. Kh2 f4 54. Kh1 Ke3 55. Kg2 Kd4 56. Kh2 Kc4 57. Kg2 Kb4 58. Kh2 Kxa4 59. Kg2 Kb3 60. Kh2 a4 0-1

[Event "2006 U.S. Masters Championship"]
[Site "Hendersonville, NC"]
[Date "2006.03.18"]
[Round "7"]
[White "Rupel, David G"]
[Black "Sharp, Dale E"]
[Result "1/2-1/2"]
[WhiteElo "2074"]
[BlackElo "2203"]
[PlyCount "77"]
[EventDate "2006.03.11"]
[EventCountry "USA"]

 1. d4 e6 2. Nf3 f5 3. g3 Nf6 4. Bg2 Be7 5. O-O O-O 6. c4 c6 7. Nbd2 d5 8. b3 Qe8 9. Bb2 Qh5 10. Ne5 Nbd7 11. Nd3 g5 12. e3 Qg6 13. Ne5 Qh6 14. Re1 Bd6 15. Ndf3 f4 16. exf4 gxf4 17. Nh4 Bb4 18. Re2 Nh5 19. Ng4 Qg7 20. Rxe6 Nb6 21. Nh6+ Kh8 22. N4f5 Rxf5 23. Re8+ Rf8 24. Qxh5 Rxe8 25. Qxe8+ Bf8 26. Nf7+ Kg8 27. Nd6 fxg3 28. hxg3 Bg4 29. Qe5 Bxd6 30. Qxd6 dxc4 31. Re1 Qg6 32. Qxg6+ hxg6 33. Re7 cxb3 34. axb3 Nd5 35. Rxb7 Re8 36. f3 Re2 37. fxg4 Rxb2 38. Rxa7 Rxb3 39. Bxd5+ 1/2-1/2

[Event "2006 U.S. Masters Championship"]
[Site "Hendersonville, NC"]
[Date "2006.03.18"]
[Round "7"]
[White "Dana, Maurice"]
[Black "Smith, Garrett L"]
[Result "1/2-1/2"]
[WhiteElo "2200"]
[BlackElo "2010"]
[PlyCount "33"]
[EventDate "2006.03.11"]
[EventCountry "USA"]

 1. e4 c5 2. Nf3 Nc6 3. Nc3 Nf6 4. d4 cxd4 5. Nxd4 e5 6. Ndb5 d6 7. Bg5 a6 8. Na3 b5 9. Nd5 Be7 10. Bxf6 Bxf6 11. Nxf6+ Qxf6 12. c3 O-O 13. Be2 Bb7 14. O-O Ne7 15. Bf3 Rfd8 16. c4 bxc4 17. Nxc4 1/2-1/2

[Event "2006 U.S. Masters Championship"]
[Site "Hendersonville, NC"]
[Date "2006.03.18"]
[Round "7"]
[White "Corbett III, Claude W"]
[Black "Kobernat, Alan E"]
[Result "1/2-1/2"]
[WhiteElo "1862"]
[BlackElo "2036"]
[PlyCount "60"]
[EventDate "2006.03.11"]
[EventCountry "USA"]

 1. e4 e5 2. Nf3 Nc6 3. Bc4 Nf6 4. Ng5 d5 5. exd5 Na5 6. Bb5+ c6 7. dxc6 bxc6 8. Be2 h6 9. Nf3 e4 10. Ne5 Bc5 11. c3 Bd6 12. d4 Qc7 13. Bf4 O-O 14. Bg3 c5 15. Na3 a6 16. Nac4 Nxc4 17. Nxc4 Bxg3 18. hxg3 Nd5 19. Qd2 Be6 20. Ne3 Rad8 21. Nxd5 Bxd5 22. Qe3 cxd4 23. cxd4 Qa5+ 24. Qc3 Qb6 25. O-O Rc8 26. Qd2 Rfd8 27. b3 Rc6 28. Rfc1 Rcd6 29. Qc3 Rc6 30. Qd2 Rcd6 1/2-1/2

[Event "2006 U.S. Masters Championship"]
[Site "Hendersonville, NC"]
[Date "2006.03.19"]
[Round "8"]
[White "Ludwig, Daniel J"]
[Black "Ardaman, Miles F"]
[Result "1-0"]
[WhiteElo "2377"]
[BlackElo "2331"]
[PlyCount "71"]
[EventDate "2006.03.11"]
[EventCountry "USA"]

 1. e4 b6 2. d4 Bb7 3. Bd3 Nc6 4. Be3 Nb4 5. Nc3 Nxd3+ 6. Qxd3 e6 7. O-O-O Ne7 8. d5 d6 9. Qc4 e5 10. Nb5 Kd7 11. f4 a6 12. Nc3 exf4 13. Bxf4 Ng6 14. Bg3 Qg5+ 15. Kb1 h5 16. Nf3 Qg4 17. Rd4 h4 18. e5 Qxf3 19. gxf3 hxg3 20. e6+ fxe6 21. dxe6+ Kd8 22. Qe2 Rh6 23. Rg4 Ne5 24. Rxg3 Rxe6 25. Re1 Rf6 26. Ne4 Rf5 27. Rg5 Rf7 28. Rxe5 dxe5 29. Ng5 Re7 30. Qd3+ Rd7 31. Qf5 Bd6 32. Nf7+ Ke8 33. Nxe5 Re7 34. Qh5+ Kd8 35. Nf7+ Kd7 36. Qg4+ 1-0

[Event "2006 U.S. Masters Championship"]
[Site "Hendersonville, NC"]
[Date "2006.03.19"]
[Round "8"]
[White "Simpson, Ronald"]
[Black "Burnett, Ronald W"]
[Result "0-1"]
[WhiteElo "2265"]
[BlackElo "2424"]
[PlyCount "85"]
[EventDate "2006.03.11"]
[EventCountry "USA"]

 1. e4 c5 2. c4 Nc6 3. g3 d6 4. Bg2 g6 5. Ne2 Bg7 6. O-O Nf6 7. d4 cxd4 8. Nxd4 Bg4 9. Qd3 Rc8 10. Nxc6 bxc6 11. h3 Be6 12. Nc3 Nd7 13. f4 Qb6+ 14. Kh2 Nc5 15. Qe2 Qa6 16. Rd1 Bxc4 17. Qe3 Nd3 18. Qd2 O-O 19. b3 Qa5 20. Nd5 Qxd2 21. Nxe7+ Kh8 22. Bxd2 Rc7 23. e5 Rxe7 24. bxc4 dxe5 25. Be4 exf4 26. Bxd3 Rd8 27. Ba5 fxg3+ 28. Kg2 Rxd3 29. Rxd3 Bxa1 30. Kxg3 Kg7 31. Kf3 c5 32. Bd8 Rb7 33. Ke4 Bd4 34. Ba5 Rd7 35. h4 f5+ 36. Kf3 Re7 37. Bd8 Re8 38. Bg5 Re6 39. Rb3 Ra6 40. Rb7+ Kg8 41. h5 Ra3+ 42. Kg2 Rxa2+ 43. Kf3 0-1

[Event "2006 U.S. Masters Championship"]
[Site "Hendersonville, NC"]
[Date "2006.03.19"]
[Round "8"]
[White "Sarkar, Justin"]
[Black "Chumachenko, Andrey"]
[Result "0-1"]
[WhiteElo "2399"]
[BlackElo "2452"]
[PlyCount "106"]
[EventDate "2006.03.11"]
[EventCountry "USA"]

 1. d4 Nf6 2. c4 g6 3. Nc3 d5 4. Bf4 Bg7 5. Qa4+ Bd7 6. Qb3 Nc6 7. e3 Na5 8. Qb4 Nxc4 9. Bxc4 dxc4 10. Qxb7 Rb8 11. Qxa7 Rxb2 12. Nge2 O-O 13. Bxc7 Qc8 14. Be5 Bf5 15. Qxe7 Re8 16. Qc7 Qa8 17. Bxf6 Bxf6 18. O-O Bd3 19. Rfe1 Bd8 20. Qc5 Be7 21. Qc7 Bb4 22. a3 Ba5 23. Qd7 Bxe2 24. Nxe2 Rd8 25. Qe7 Re8 26. Qd7 Rb7 27. Qd6 Rb6 28. Qd7 Rd8 29. Qe7 Re6 30. Qg5 Bxe1 31. Rxe1 Ra6 32. Rc1 Rxa3 33. h4 Rc8 34. Nf4 Ra5 35. d5 Ra1 36. Rxa1 Qxa1+ 37. Kh2 Qg7 38. d6 f5 39. h5 h6 40. Qxg6 Qxg6 41. Nxg6 Rd8 42. Ne7+ Kf7 43. Nc6 Rxd6 44. Ne5+ Kf6 45. Nxc4 Rc6 46. Na5 Rc3 47. Kg3 Kg5 48. Kf3 Kxh5 49. Nb7 Kg5 50. Nd6 Rc5 51. Nf7+ Kf6 52. Nd6 Ke7 53. Nb7 Rb5 0-1

[Event "2006 U.S. Masters Championship"]
[Site "Hendersonville, NC"]
[Date "2006.03.19"]
[Round "8"]
[White "Fouts, Matthew A"]
[Black "Margvelashvili, Giorgi"]
[Result "0-1"]
[WhiteElo "2007"]
[BlackElo "2463"]
[PlyCount "36"]
[EventDate "2006.03.11"]
[EventCountry "USA"]

 1. e4 c5 2. Nc3 a6 3. f4 b5 4. Nf3 Bb7 5. d3 e6 6. g3 Nf6 7. e5 Nd5 8. Ne4 f5 9. Neg5 h6 10. Nh3 Nc6 11. Nh4 Qb6 12. Qh5+ Kd8 13. Ng5 Nd4 14. Kd1 Kc7 15. Nf7 Rg8 16. Bg2 Nb4 17. c3 g6 18. Bxb7 Qxb7 0-1

[Event "2006 U.S. Masters Championship"]
[Site "Hendersonville, NC"]
[Date "2006.03.19"]
[Round "8"]
[White "Cheng, Xiao"]
[Black "Schroer, Jonathan"]
[Result "0-1"]
[WhiteElo "2292"]
[BlackElo "2462"]
[PlyCount "102"]
[EventDate "2006.03.11"]
[EventCountry "USA"]

 1. e4 e5 2. Nf3 Nc6 3. Bb5 Nf6 4. O-O Nxe4 5. d4 Nd6 6. Bxc6 dxc6 7. dxe5 Nf5 8. Qxd8+ Kxd8 9. Nc3 Ne7 10. Bg5 h6 11. Rad1+ Ke8 12. Bc1 a6 13. b3 b6 14. Rfe1 c5 15. Bb2 Be6 16. Ne2 Ng6 17. Nd2 Rd8 18. Nf1 c4 19. Nd4 cxb3 20. axb3 c5 21. Nxe6 fxe6 22. Nd2 Ne7 23. Ne4 Nf5 24. Kf1 Rxd1 25. Rxd1 h5 26. Nd2 Kd7 27. Nf3+ Ke8 28. Bc1 h4 29. Ng5 Rh6 30. Nh3 Rh7 31. Nf4 Rh6 32. c3 Be7 33. Nh3 Rh5 34. f4 Rh8 35. Kf2 Bd8 36. Kf3 Ke7 37. Ba3 a5 38. Ke4 Bc7 39. Ng5 Rd8 40. Rxd8 Bxd8 41. Kf3 Kd7 42. Nf7 Be7 43. g4 hxg3 44. hxg3 Ke8 45. Ng5 Bxg5 46. fxg5 g6 47. g4 Ne7 48. b4 cxb4 49. cxb4 a4 50. Ke4 Nc6 51. Kd3 b5 0-1

[Event "2006 U.S. Masters Championship"]
[Site "Hendersonville, NC"]
[Date "2006.03.19"]
[Round "8"]
[White "Haessel, Dale R"]
[Black "Smith, Bryan G"]
[Result "0-1"]
[WhiteElo "2158"]
[BlackElo "2413"]
[PlyCount "96"]
[EventDate "2006.03.11"]
[EventCountry "USA"]

 1. c4 e5 2. g3 Nc6 3. Bg2 f5 4. Nc3 Nf6 5. d3 Bb4 6. Bd2 O-O 7. e3 Bxc3 8. Bxc3 d5 9. b3 Be6 10. Ne2 Qe8 11. O-O Qh5 12. Qc2 g5 13. Qb2 Rae8 14. Rae1 Qh6 15. f3 f4 16. exf4 exf4 17. gxf4 gxf4 18. Bd2 Nh5 19. Nd4 Nxd4 20. Qxd4 Qg7 21. Bc3 Qxd4+ 22. Bxd4 dxc4 23. dxc4 b6 24. Re5 Rd8 25. Rg5+ Kf7 26. Be5 Rg8 27. Bxc7 Rd2 28. Rxg8 Kxg8 29. Re1 Kf7 30. Re5 Nf6 31. c5 Nd5 32. cxb6 axb6 33. Rh5 Kg6 34. Rh4 Nxc7 35. Rxf4 Rxa2 36. Bf1 Nd5 37. Bd3+ Kg5 38. Re4 Bf5 39. Re5 Ne7 40. Be4 Kf6 41. Rb5 Bxe4 42. fxe4 Ng6 43. Rxb6+ Kg5 44. Rb7 h5 45. b4 Ne5 46. Rg7+ Kf4 47. Rh7 Nf3+ 48. Kf1 Ke3 0-1

[Event "2006 U.S. Masters Championship"]
[Site "Hendersonville, NC"]
[Date "2006.03.19"]
[Round "8"]
[White "Lopez II, Nelson M"]
[Black "Aliev, Timur"]
[Result "0-1"]
[WhiteElo "2087"]
[BlackElo "2327"]
[PlyCount "100"]
[EventDate "2006.03.11"]
[EventCountry "USA"]

 1. e4 c5 2. Nf3 Nc6 3. Bb5 g6 4. O-O Bg7 5. Nc3 e5 6. d3 Nge7 7. Nd5 O-O 8. Bg5 f6 9. Bh4 d6 10. Bc4 Kh8 11. a3 Rb8 12. c3 b5 13. Ba2 Nxd5 14. Bxd5 Ne7 15. Bb3 g5 16. Bg3 Bg4 17. h3 Bh5 18. Bh2 d5 19. g4 Bg6 20. exd5 Nxd5 21. d4 c4 22. Bc2 e4 23. Bxb8 Qxb8 24. Nd2 Qf4 25. Qe2 Re8 26. Rfe1 Bf8 27. Nf1 Bd6 28. a4 a6 29. axb5 axb5 30. Ra5 Nc7 31. Qe3 f5 32. Qxf4 gxf4 33. gxf5 Bxf5 34. f3 Rg8+ 35. Kh1 exf3 36. Nd2 Bxc2 37. Nxf3 Rg3 38. Ne5 Rxh3+ 39. Kg2 Rg3+ 40. Kf2 Kg7 41. Nf3 h5 42. Raa1 Kf6 43. Ne5 h4 44. Nd7+ Kf5 45. Nc5 h3 46. Rac1 Bxc5 47. Re5+ Kg4 48. Rxc5 Rg2+ 49. Kf1 Bd3+ 50. Ke1 h2 0-1

[Event "2006 U.S. Masters Championship"]
[Site "Hendersonville, NC"]
[Date "2006.03.19"]
[Round "8"]
[White "Pohl, Klaus A"]
[Black "Shaw, Tenzing W"]
[Result "1-0"]
[WhiteElo "2214"]
[BlackElo "2112"]
[PlyCount "91"]
[EventDate "2006.03.11"]
[EventCountry "USA"]

 1. b4 e5 2. a3 Nf6 3. Bb2 d6 4. Nf3 Nbd7 5. e3 g6 6. Be2 Bg7 7. d3 O-O 8. Nbd2 Re8 9. O-O h6 10. Nb3 Nh7 11. Nfd2 f5 12. f4 Nhf6 13. Bf3 c6 14. Nc4 Nb6 15. fxe5 Nxc4 16. dxc4 Ne4 17. Bxe4 fxe4 18. Qd2 Be6 19. Na5 Qd7 20. Rad1 b6 21. Nb3 Bxc4 22. Rf4 d5 23. Rxe4 Bxb3 24. cxb3 Qe6 25. Rh4 Rad8 26. Bd4 g5 27. Rh3 Qg4 28. Rc1 Re6 29. Rf3 Rf8 30. h3 Qh5 31. Rxf8+ Kxf8 32. Rf1+ Kg8 33. Rf5 Qh4 34. Qf2 Qxf2+ 35. Kxf2 a6 36. Kf3 c5 37. bxc5 bxc5 38. Bxc5 Bxe5 39. Bd4 Bxd4 40. exd4 Rc6 41. Rxd5 Rc3+ 42. Ke4 Rxb3 43. Ra5 Rb6 44. Rf5 Rb3 45. Rf3 Rb6 46. d5 1-0

[Event "2006 U.S. Masters Championship"]
[Site "Hendersonville, NC"]
[Date "2006.03.19"]
[Round "8"]
[White "Privman, Boris"]
[Black "Magar, Thomas P"]
[Result "1-0"]
[WhiteElo "2338"]
[BlackElo "2200"]
[PlyCount "34"]
[EventDate "2006.03.11"]
[EventCountry "USA"]

 1. d4 Nf6 2. c4 g6 3. f3 Bg7 4. e4 d6 5. Nc3 O-O 6. Be3 c5 7. dxc5 dxc5 8. Bxc5 Nc6 9. Nge2 Nd7 10. Be3 Nde5 11. Nf4 b6 12. Rc1 Bb7 13. Be2 Rc8 14. O-O Qc7 15. Nfd5 Qb8 16. f4 e6 17. fxe5 exd5 1-0

[Event "2006 U.S. Masters Championship"]
[Site "Hendersonville, NC"]
[Date "2006.03.19"]
[Round "8"]
[White "Potter, J Russell"]
[Black "Bereolos, Peter J"]
[Result "0-1"]
[WhiteElo "2215"]
[BlackElo "2316"]
[PlyCount "58"]
[EventDate "2006.03.11"]
[EventCountry "USA"]

 1. d4 Nf6 2. c4 g6 3. Nc3 Bg7 4. e4 d6 5. f3 O-O 6. Be3 c5 7. dxc5 dxc5 8. Bxc5 Nc6 9. Nge2 Nd7 10. Be3 Nde5 11. Nf4 Qa5 12. Kf2 Rd8 13. Qc1 Nb4 14. a3 Nbd3+ 15. Bxd3 Nxd3+ 16. Nxd3 Rxd3 17. Nd5 Rb3 18. Rb1 e6 19. Qc2 Qa4 20. Ne7+ Kf8 21. Bc5 Ke8 22. Qd2 Qxc4 23. Rhc1 Qd3 24. Qg5 h6 25. Nf5 Bd4+ 26. Nxd4 hxg5 27. Rd1 Rxb2+ 28. Kg3 Qxb1 29. Rxb1 Rxb1 0-1

[Event "2006 U.S. Masters Championship"]
[Site "Hendersonville, NC"]
[Date "2006.03.19"]
[Round "8"]
[White "Cao, Tony"]
[Black "Pupols, Viktors"]
[Result "1-0"]
[WhiteElo "2099"]
[BlackElo "2200"]
[PlyCount "59"]
[EventDate "2006.03.11"]
[EventCountry "USA"]

 1. e4 e6 2. d4 d5 3. Nc3 Nf6 4. e5 Nfd7 5. f4 c5 6. Nf3 Nc6 7. Be3 cxd4 8. Nxd4 Bc5 9. Qd2 a6 10. O-O-O Bxd4 11. Bxd4 b5 12. Be3 O-O 13. Ne2 Qc7 14. Nd4 Nb6 15. Qf2 Nc4 16. Bxc4 bxc4 17. Nxc6 Qxc6 18. Bd4 Rb8 19. g4 Bd7 20. Rhg1 Qa4 21. a3 c3 22. Bxc3 Rfc8 23. Rd4 Rc4 24. f5 Qc6 25. Rg3 Rxd4 26. Bxd4 Qc4 27. Rc3 Qa2 28. Rc7 Qa1+ 29. Kd2 Rd8 30. Qh4 1-0

[Event "2006 U.S. Masters Championship"]
[Site "Hendersonville, NC"]
[Date "2006.03.19"]
[Round "8"]
[White "Kidd, Jeffrey A"]
[Black "Rupel, David G"]
[Result "1/2-1/2"]
[WhiteElo "2157"]
[BlackElo "2074"]
[PlyCount "31"]
[EventDate "2006.03.11"]
[EventCountry "USA"]

 1. e4 c6 2. d4 d5 3. exd5 cxd5 4. Bd3 Nc6 5. c3 Qc7 6. Bg5 e6 7. Nf3 Bd6 8. Nbd2 Nge7 9. Nf1 h6 10. Bh4 f5 11. Bxe7 Qxe7 12. Qe2 O-O 13. h4 e5 14. dxe5 Nxe5 15. Nxe5 Qxe5 16. Qxe5 1/2-1/2